000
00293nam a22001337a 4500
008
170516b xxu||||| |||| 00| 0 eng d
020
_a
9780753807125
041
_a
eng
080
_a
94
100
_a
16
101
_a
SHH
245
_a
PLAGUE, POX & PECTILENCE
_c
KIPLE, K.F
942
_2
udc
_c
BK
999
_c
13339
_d
13339